[Event "POL-chT U19 2nd League"]
[Site "Iwonicz"]
[Date "2015.08.01"]
[Round "2.63"]
[White "Baum, Jonasz"]
[Black "Peszkowski, Radoslaw"]
[Result "1-0"]
[WhiteElo "1792"]
[BlackElo "1363"]
[PlyCount "59"]
[EventDate "2015.07.25"]
[EventType "team-swiss"]
[EventRounds "11"]
[EventCountry "POL"]
[SourceTitle "EXT 2019"]
[Source "ChessBase"]
[SourceDate "2018.10.10"]
[SourceVersion "1"]
[SourceVersionDate "2018.10.10"]
[SourceQuality "1"]
[WhiteTeam "Warszawa UKS Czternastka U19"]
[BlackTeam "Krakow KKSz 1893 U19 II"]
[WhiteTeamCountry "POL"]
[BlackTeamCountry "POL"]

1. e4 e5 2. Nf3 Nc6 3. Bc4 Bc5 4. c3 Nf6 5. d4 exd4 6. e5 Ng8 7. cxd4 Bb4+ 8. Nc3 d6 9. Qb3 Bxc3+ 10. bxc3 Qe7 11. 0-0 dxe5 12. Re1 Qf6 13. Nxe5 Nce7 14. Nxf7 g6 15. Nxh8 Kf8 16. Bxg8 Nxg8 17. Ba3+ Kg7 18. Re8 Nh6 19. Bf8+ Qxf8 20. Rxf8 Kxf8 21. Re1 Bf5 22. Qxb7 Rc8 23. Re5 Bd7 24. Qf3+ Kg8 25. Qd5+ Kxh8 26. Qxd7 Rb8 27. h3 Ng8 28. Qxc7 Rf8 29. Re4 Nf6 30. Qe7 1-0

[Event "POL-chT U19 2nd League"]
[Site "Iwonicz"]
[Date "2015.08.01"]
[Round "10.105"]
[White "Krawczyk, Piotr"]
[Black "Peszkowski, Radoslaw"]
[Result "1/2-1/2"]
[WhiteElo "1531"]
[BlackElo "1363"]
[PlyCount "74"]
[EventDate "2015.07.25"]
[EventType "team-swiss"]
[EventRounds "11"]
[EventCountry "POL"]
[SourceTitle "EXT 2019"]
[Source "ChessBase"]
[SourceDate "2018.10.10"]
[SourceVersion "1"]
[SourceVersionDate "2018.10.10"]
[SourceQuality "1"]
[WhiteTeam "Nowy Sacz Sandecja U19"]
[BlackTeam "Krakow KKSz 1893 U19 II"]
[WhiteTeamCountry "POL"]
[BlackTeamCountry "POL"]

1. d4 e6 2. c4 d5 3. Nc3 Nf6 4. Nf3 Nc6 5. e3 g6 6. cxd5 exd5 7. Bb5 Bd7 8. 0-0 Bg7 9. Re1 0-0 10. Bxc6 Bxc6 11. Ne5 Re8 12. Nxc6 bxc6 13. Qc2 Qd6 14. Na4 Ng4 15. g3 Bxd4 16. Qd1 Ne5 17. f4 Qb4 18. Kf2 Ng4+ 19. Qxg4 Qxa4 20. Qd1 Qxd1 21. Rxd1 Bb6 22. Bd2 d4 23. Re1 dxe3+ 24. Bxe3 Bxe3+ 25. Rxe3 Rxe3 26. Kxe3 Re8+ 27. Kd3 Rd8+ 28. Ke3 Rd6 29. Rc1 Re6+ 30. Kd3 Rd6+ 31. Ke3 Re6+ 32. Kd3 Rd6+ 33. Ke3 Re6+ 34. Kd3 Rd6+ 35. Ke3 Re6+ 36. Kd3 Rd6+ 37. Ke3 Re6+ 1/2-1/2

[Event "POL-chT U19 2nd League"]
[Site "Iwonicz"]
[Date "2015.08.01"]
[Round "6.105"]
[White "Peszkowski, Radoslaw"]
[Black "Bober, Tomasz"]
[Result "1-0"]
[WhiteElo "1363"]
[BlackElo "1159"]
[PlyCount "139"]
[EventDate "2015.07.25"]
[EventType "team-swiss"]
[EventRounds "11"]
[EventCountry "POL"]
[SourceTitle "EXT 2019"]
[Source "ChessBase"]
[SourceDate "2018.10.10"]
[SourceVersion "1"]
[SourceVersionDate "2018.10.10"]
[SourceQuality "1"]
[WhiteTeam "Krakow KKSz 1893 U19 II"]
[BlackTeam "Brzozow UKS SP 1 U19"]
[WhiteTeamCountry "POL"]
[BlackTeamCountry "POL"]

1. e4 e5 2. Nf3 Nc6 3. d4 exd4 4. Nxd4 Bc5 5. Nxc6 bxc6 6. Bc4 d6 7. Qf3 Qe7 8. 0-0 h6 9. Nc3 Bd7 10. Bd2 Nf6 11. h3 0-0 12. Kh1 Kh8 13. Rae1 Rae8 14. Bb3 Qd8 15. Re2 Re7 16. Bxh6 gxh6 17. Qxf6+ Kh7 18. f4 Ree8 19. Qxd8 Rxd8 20. Na4 Bb6 21. Nxb6 cxb6 22. Rd2 Be6 23. Rfd1 Bxb3 24. axb3 f5 25. e5 d5 26. c4 Kg6 27. cxd5 cxd5 28. Rxd5 Rxd5 29. Rxd5 Rc8 30. Rd7 a5 31. Rd6+ Kh5 32. Rxb6 Rc1+ 33. Kh2 Rc2 34. Rf6 Rxb2 35. e6 Rxb3 36. e7 Re3 37. Rxf5+ Kg6 38. Rxa5 Rxe7 39. h4 Re3 40. g3 Re2+ 41. Kh3 h5 42. Rg5+ Kh6 43. Ra5 Rd2 44. Ra3 Rf2 45. Ra1 Kg6 46. Ra8 Kg7 47. Ra1 Kg6 48. Rh1 Kf5 49. Rh2 Rf1 50. Re2 Rd1 51. Kg2 Kg4 52. Kf2 Rh1 53. Re5 Rh2+ 54. Ke3 Kxg3 55. Rxh5 Kg4 56. Rh8 Ra2 57. Rg8+ Kxh4 58. f5 Ra3+ 59. Kf4 Ra4+ 60. Ke5 Ra5+ 61. Ke6 Ra6+ 62. Kf7 Ra7+ 63. Kg6 Ra6+ 64. f6 Kg4 65. Kh7+ Kf5 66. f7 Ra7 67. Rg7 Ra8 68. Rg1 Kf6 69. Rf1+ Ke7 70. Kg7 1-0